000
00303nam a22001217a 4500
020
_a
0-53405-910-4
082
_a
628.53 COO'A
100
_a
ALLEY, F.C , COOPER, DAVID C
_9
62416
245
_a
AIR POLLUTION CONTROL , A DESIGN APPROACH
260
_a
BOSTON
_b
PWS
_c
1986
300
_a
XIX,630
942
_c
BK
999
_c
571531
_d
571531